[Event "Ashmaster's Cup Standard Chess Over 1600 Section"]
[Site "SchemingMind.com"]
[Date "2005.06.15"]
[Round "-"]
[White "Chess Tiger"]
[Black "winkel"]
[Result "1-0"]
[WhiteCountry "GER"]
[BlackCountry "DEN"]
[WhiteElo "2173"]
[WhiteRD "87"]
[BlackElo "2040"]
[BlackRD "87"]
[GameID "17837"]

1. e4 e5 2. Nf3 Nc6 3. Bb5 a6 4. Ba4 Nf6 5. d3 d6 6. c3 Be7 7. Nbd2 O-O 8. Nf1 b5 9. Bc2 d5 10. Qe2 Be6
11. h3 d4 12. Ng3 Bc5 13. O-O a5 14. a4 b4 15. cxb4 Bxb4 16. Ng5 Qd7 17. Nxe6 Qxe6 18. Bb1 Ne7 19. Ba2 Qb6 20. f4 Ng6
21. Nf5 Rab8 22. Qf3 Nd7 23. Qg4 Nf6 24. Qg5 Nd7 25. fxe5 Ndxe5 26. h4 h6 27. Qg3 h5 28. Bf4 Bd6 29. Rab1 Rbe8 30. Bd5 Rd8
31. Qg5 Rde8 32. Bxe5 Bxe5 33. b4
1-0

[Event "Ashmaster's Cup Standard Chess Over 1600 Section"]
[Site "SchemingMind.com"]
[Date "2005.06.15"]
[Round "-"]
[White "Nenad"]
[Black "winkel"]
[Result "1/2-1/2"]
[WhiteCountry "SLO"]
[BlackCountry "DEN"]
[WhiteElo "2074"]
[WhiteRD "92"]
[BlackElo "2107"]
[BlackRD "75"]
[GameID "17838"]

1. Nf3 Nf6 2. d4 d5 3. e3 e6 4. Bd3 Nbd7 5. O-O c5 6. c4 cxd4 7. exd4 dxc4 8. Bxc4 Bd6 9. Nc3 Nb6 10. Bb3 O-O
11. Bg5 h6 12. Bh4 Nbd7 13. Qe2 Qa5 14. Ne4 Nxe4 15. Qxe4 Qf5 16. Qe2 b6 17. Bc2 Ba6 18. Qxa6 Qxc2 19. Qb5 Qc7 20. Rac1 Qb7
21. Qc6 Qxc6 22. Rxc6 Bb8 23. Be7 Re8 24. Bb4 Nf6 25. Rfc1 Nd5 26. Bd2 Ne7 27. R6c2 Bd6 28. Ne5 Rac8 29. Nc4 Red8 30. Be3 Nd5
31. Nxd6 Rxc2 32. Rxc2 Rxd6 33. Rc8+ Kh7 34. Kf1 a6 35. h3 Kg6 36. g4 b5 37. Rc5 Nb4 38. a3 Nc6 39. Bf4 Rxd4 40. Bxh6 Na5
41. Bc1 Nb3 42. Be3 Rc4 43. Rxc4 bxc4 44. h4 e5 45. h5+ Kf6 46. Ke2 Ke6 47. g5 f6= 48. g6 f5 49. f4 exf4 50. Bxf4 Nc5
51. Kf3 Nd7 52. Bg5 Ne5+=
1/2-1/2

[Event "Ashmaster's Cup Standard Chess Over 1600 Section"]
[Site "SchemingMind.com"]
[Date "2005.06.15"]
[Round "-"]
[White "phildo"]
[Black "winkel"]
[Result "0-1"]
[WhiteCountry "BDI"]
[BlackCountry "DEN"]
[WhiteElo "1714"]
[WhiteRD "92"]
[BlackElo "2016"]
[BlackRD "97"]
[GameID "17839"]

1. e4 e5 2. Nf3 Nc6 3. Bc4 Nf6 4. Ng5 d5 5. exd5 Na5 6. Bb5+ c6 7. dxc6 bxc6 8. Qf3 Qd5 9. Qxd5 Nxd5 10. Be2 h6
11. Ne4 Nf4 12. Nbc3 Nxg2+ 13. Kf1 Bh3 14. Kg1 Ne1 15. Bd1 f5 16. Ng3 e4 17. b3 O-O-O
0-1

[Event "Ashmaster's Cup Standard Chess Over 1600 Section"]
[Site "SchemingMind.com"]
[Date "2005.06.16"]
[Round "-"]
[White "Gary"]
[Black "Gordon"]
[Result "0-1"]
[WhiteCountry "ENG"]
[BlackCountry "ENG"]
[WhiteElo "1579"]
[WhiteRD "65"]
[BlackElo "2173"]
[BlackRD "63"]
[GameID "17868"]

1. e4 c5 2. Nf3 d6 3. d4 cxd4 4. Nxd4 Nf6 5. Nc3 a6 6. Be3 e6 7. f3 b5 8. a3 Bb7 9. Be2 Nbd7 10. O-O Be7
11. Rc1 Qc7 12. Qd2 O-O 13. Rfd1 Rfd8 14. Bd3 Ne5 15. Nce2 d5 16. exd5 Nxd5 17. Bf2 Nxd3
0-1

[Event "Ashmaster's Cup Standard Chess Over 1600 Section"]
[Site "SchemingMind.com"]
[Date "2005.06.16"]
[Round "-"]
[White "Gary"]
[Black "winkel"]
[Result "0-1"]
[WhiteCountry "ENG"]
[BlackCountry "DEN"]
[WhiteElo "1579"]
[WhiteRD "65"]
[BlackElo "2064"]
[BlackRD "82"]
[GameID "17869"]

1. e4 e5 2. Nf3 Nc6 3. Bb5 a6 4. Ba4 Nf6 5. O-O Nxe4 6. d4 exd4 7. Re1 d5 8. c3 b5 9. Bc2 Be6 10. Nxd4 Nxd4
11. cxd4 Bd6 12. Nc3 Nxc3 13. bxc3 Qh4 14. g3 Qh3 15. a4 O-O 16. Ba3 Bxa3 17. Rxa3 Bg4 18. Qd3 Rae8 19. Raa1 c6
0-1

[Event "Ashmaster's Cup Standard Chess Over 1600 Section"]
[Site "SchemingMind.com"]
[Date "2005.06.16"]
[Round "-"]
[White "Gary"]
[Black "Chess Tiger"]
[Result "0-1"]
[WhiteCountry "ENG"]
[BlackCountry "GER"]
[WhiteElo "1579"]
[WhiteRD "65"]
[BlackElo "2131"]
[BlackRD "76"]
[GameID "17872"]

1. e4 c5 2. Nf3 e6 3. d4 cxd4 4. Nxd4 a6 5. Nc3 Qc7 6. Be3 b5 7. a3 Bb7 8. Be2 Nf6 9. f3 Be7 10. O-O O-O
11. Qd2 d5 12. exd5 Nxd5 13. Nxd5 Bxd5 14. Rac1 Rd8 15. Bd3 Nd7 16. Rfd1 Bd6
0-1

[Event "Ashmaster's Cup Standard Chess Over 1600 Section"]
[Site "SchemingMind.com"]
[Date "2005.06.16"]
[Round "-"]
[White "Gary"]
[Black "Nenad"]
[Result "0-1"]
[WhiteCountry "ENG"]
[BlackCountry "SLO"]
[WhiteElo "1579"]
[WhiteRD "65"]
[BlackElo "2072"]
[BlackRD "101"]
[GameID "17873"]

1. e4 c5 2. Nf3 Nc6 3. d4 cxd4 4. Nxd4 Nf6 5. Nc3 e6 6. Be3 Bb4 7. f3 O-O 8. Qd2 e5 9. Nf5 d5 10. exd5 Nxd5
11. Bd3 Qa5 12. O-O Bxf5 13. Bxf5 Nxe3 14. Qxe3 Bc5
0-1

[Event "Ashmaster's Cup Standard Chess Over 1600 Section"]
[Site "SchemingMind.com"]
[Date "2005.06.16"]
[Round "-"]
[White "Gary"]
[Black "phildo"]
[Result "0-1"]
[WhiteCountry "ENG"]
[BlackCountry "BDI"]
[WhiteElo "1628"]
[WhiteRD "69"]
[BlackElo "1705"]
[BlackRD "74"]
[GameID "17874"]

1. e4 e5 2. Nf3 Nc6 3. Bb5 Bc5 4. O-O d6 5. c3 Bd7 6. d4 exd4 7. cxd4 Bb6 8. Nc3 Nge7 9. Bg5 h6 10. Bh4 O-O
11. Re1 a6 12. Ba4 Re8 13. Rc1 Bg4
0-1

[Event "Ashmaster's Cup Standard Chess Over 1600 Section"]
[Site "SchemingMind.com"]
[Date "2005.06.16"]
[Round "-"]
[White "Gordon"]
[Black "Gary"]
[Result "1-0"]
[WhiteCountry "ENG"]
[BlackCountry "ENG"]
[WhiteElo "2173"]
[WhiteRD "63"]
[BlackElo "1579"]
[BlackRD "65"]
[GameID "17875"]

1. e4 c5 2. Nf3 d6 3. d4 cxd4 4. Nxd4 Nf6 5. Nc3 a6 6. Be3 g6 7. f3 Bg7 8. Qd2 O-O 9. O-O-O Nc6 10. g4 Nxd4
11. Bxd4 Ne8 12. Bxg7 Nxg7 13. h4 h5 14. gxh5 Nxh5 15. Qh6 e6 16. Rg1 Ng7 17. Be2 e5 18. h5 Nxh5 19. Rxg6+
1-0

[Event "Ashmaster's Cup Standard Chess Over 1600 Section"]
[Site "SchemingMind.com"]
[Date "2005.06.16"]
[Round "-"]
[White "winkel"]
[Black "Gary"]
[Result "1-0"]
[WhiteCountry "DEN"]
[BlackCountry "ENG"]
[WhiteElo "2064"]
[WhiteRD "82"]
[BlackElo "1579"]
[BlackRD "65"]
[GameID "17876"]

1. e4 c5 2. Nf3 d6 3. d4 cxd4 4. Nxd4 Nf6 5. Nc3 a6 6. Bc4 g6 7. O-O Bg7 8. Nd5 e6 9. Nxf6+ Qxf6 10. Nf3 Qe7
11. Bf4 e5 12. Bg5 Qc7 13. Qd3 f6 14. Be3 Nc6 15. a3 Bd7 16. Rfd1
1-0

[Event "Ashmaster's Cup Standard Chess Over 1600 Section"]
[Site "SchemingMind.com"]
[Date "2005.06.16"]
[Round "-"]
[White "Nenad"]
[Black "Gary"]
[Result "1-0"]
[WhiteCountry "SLO"]
[BlackCountry "ENG"]
[WhiteElo "2072"]
[WhiteRD "101"]
[BlackElo "1579"]
[BlackRD "65"]
[GameID "17880"]

1. c4 e5 2. Nc3 Nf6 3. g3 Be7 4. Bg2 O-O 5. Nf3 Nc6 6. d4 exd4 7. Nxd4 Nxd4 8. Qxd4 d6 9. O-O c5 10. Qd3 Rb8
11. Rd1 Be6 12. Bf4 a6 13. b3 Qd7 14. Bxd6 Rfd8 15. Bxb8 Qxd3 16. Rxd3 Rxb8 17. Nd5
1-0

[Event "Ashmaster's Cup Standard Chess Over 1600 Section"]
[Site "SchemingMind.com"]
[Date "2005.06.16"]
[Round "-"]
[White "phildo"]
[Black "Gary"]
[Result "1-0"]
[WhiteCountry "BDI"]
[BlackCountry "ENG"]
[WhiteElo "1705"]
[WhiteRD "74"]
[BlackElo "1628"]
[BlackRD "69"]
[GameID "17881"]

1. e4 c5 2. Nf3 d6 3. d4 cxd4 4. Nxd4 Nf6 5. Nc3 a6 6. Bg5 e6 7. f4 Qc7 8. Qf3 Be7 9. O-O-O O-O 10. g4 Nbd7
11. Bxf6 Bxf6 12. g5 Be7 13. h4 b5 14. h5 Bb7 15. Bd3 Rac8 16. Rdg1
1-0

[Event "Ashmaster's Cup Standard Chess Over 1600 Section"]
[Site "SchemingMind.com"]
[Date "2005.06.18"]
[Round "-"]
[White "bigfoot1"]
[Black "Gary"]
[Result "1-0"]
[WhiteCountry "FRA"]
[BlackCountry "ENG"]
[WhiteElo "1835"]
[WhiteRD "75"]
[BlackElo "1579"]
[BlackRD "65"]
[GameID "17973"]

1. e4 c5 2. Nf3 d6 3. d4 cxd4 4. Nxd4 Nf6 5. Nc3 a6 6. Be3 g6 7. Bc4 Bg7 8. f3 O-O 9. Qd2 b5 10. Bb3 Bb7
11. O-O-O Nbd7 12. g4
1-0

[Event "Ashmaster's Cup Standard Chess Over 1600 Section"]
[Site "SchemingMind.com"]
[Date "2005.06.18"]
[Round "-"]
[White "bigfoot1"]
[Black "Gordon"]
[Result "0-1"]
[WhiteCountry "FRA"]
[BlackCountry "ENG"]
[WhiteElo "1774"]
[WhiteRD "79"]
[BlackElo "2159"]
[BlackRD "63"]
[GameID "17974"]

1. e4 c5 2. Nf3 d6 3. d4 cxd4 4. Nxd4 Nf6 5. Nc3 a6 6. Be3 e6 7. Bc4 b5 8. Bb3 Bb7 9. f3 Nbd7 10. O-O Nc5
11. Qe2 Be7 12. Rad1 Qc7 13. Bg5 O-O 14. a3 h6 15. Bh4 Nxb3 16. cxb3 Nxe4 17. Bxe7 Nxc3 18. bxc3 Qxe7 19. Nf5 Qc7 20. Nxd6 Bd5
21. c4 Qxd6 22. cxd5 exd5 23. b4 Rfe8 24. Qd3 Rad8 25. Rd2 d4
0-1

[Event "Ashmaster's Cup Standard Chess Over 1600 Section"]
[Site "SchemingMind.com"]
[Date "2005.06.18"]
[Round "-"]
[White "bigfoot1"]
[Black "winkel"]
[Result "0-1"]
[WhiteCountry "FRA"]
[BlackCountry "DEN"]
[WhiteElo "1782"]
[WhiteRD "75"]
[BlackElo "2040"]
[BlackRD "87"]
[GameID "17975"]

1. e4 e5 2. Nf3 Nc6 3. Bb5 a6 4. Ba4 Nf6 5. O-O Nxe4 6. d4 exd4 7. Re1 d5 8. Nxd4 Bd6 9. Nxc6 Bxh2+ 10. Kh1 Qh4
11. Rxe4+ dxe4 12. Qd8+ Qxd8 13. Nxd8+ Kxd8 14. Kxh2 Be6 15. c3 f5 16. Na3 b5 17. Bb3 Bxb3 18. axb3 Ke7 19. Nc2 h6 20. Bf4 Rhc8
21. Re1 Kf6 22. f3 g5 23. Be3 exf3 24. gxf3 Re8 25. Nb4 Kf7 26. Nc2 Rad8 27. Kh3 Rd3 28. Kg2 f4
0-1

[Event "Ashmaster's Cup Standard Chess Over 1600 Section"]
[Site "SchemingMind.com"]
[Date "2005.06.18"]
[Round "-"]
[White "bigfoot1"]
[Black "Ashmaster"]
[Result "1-0"]
[WhiteCountry "FRA"]
[BlackCountry "IRL"]
[WhiteElo "1774"]
[WhiteRD "79"]
[BlackElo "1276"]
[BlackRD "63"]
[GameID "17976"]

1. e4 e5 2. Nf3 Nc6 3. Bb5 a6 4. Ba4 Nf6 5. O-O b5 6. Bb3 d6 7. Ng5 Be6 8. Bxe6 fxe6 9. Nxe6 Qe7 10. Nxf8 Qxf8
11. d3 Qf7 12. f4 O-O 13. fxe5 dxe5 14. Nc3
1-0

[Event "Ashmaster's Cup Standard Chess Over 1600 Section"]
[Site "SchemingMind.com"]
[Date "2005.06.18"]
[Round "-"]
[White "bigfoot1"]
[Black "Chess Tiger"]
[Result "0-1"]
[WhiteCountry "FRA"]
[BlackCountry "GER"]
[WhiteElo "1782"]
[WhiteRD "75"]
[BlackElo "2173"]
[BlackRD "87"]
[GameID "17978"]

1. e4 c5 2. Nf3 e6 3. d4 cxd4 4. Nxd4 a6 5. Nc3 Qc7 6. Be2 b5 7. O-O Bb7 8. Re1 Nc6 9. Nxc6 dxc6 10. e5 Rd8
11. Bd3 c5 12. Qe2 Ne7 13. Bg5 h6 14. Bh4 Rd4 15. Bg3 h5 16. f3 Rd7 17. Be4 h4 18. Bf4 Bxe4 19. Qxe4 b4 20. Nd1 Qc6
21. Qxc6 Nxc6 22. Nf2 Be7 23. Rad1 Rxd1 24. Nxd1 O-O 25. h3 Rd8 26. b3 g5 27. Bc1 Nxe5 28. f4 gxf4 29. Bxf4 Ng6 30. Bh2 Rd2
0-1

[Event "Ashmaster's Cup Standard Chess Over 1600 Section"]
[Site "SchemingMind.com"]
[Date "2005.06.18"]
[Round "-"]
[White "bigfoot1"]
[Black "Nenad"]
[Result "0-1"]
[WhiteCountry "FRA"]
[BlackCountry "SLO"]
[WhiteElo "1782"]
[WhiteRD "75"]
[BlackElo "2080"]
[BlackRD "98"]
[GameID "17979"]

1. e4 c6 2. d4 d5 3. exd5 cxd5 4. c4 Nf6 5. Nc3 g6 6. Qb3 Bg7 7. cxd5 O-O 8. Be2 Nbd7 9. Bf3 Nb6 10. Nge2 Bf5
11. Nf4 g5 12. Nfe2 g4 13. Ng3 Bg6 14. Be2 Nbxd5 15. h3 gxh3 16. Rxh3 Rc8 17. Bc4 Nxc3 18. bxc3 Qc7 19. Be2 Qxc3+ 20. Qxc3 Rxc3
21. Bd2 Rc2 22. Bf3 Rd8 23. Rh4 Nd5 24. Ne4 Bxd4 25. Kd1 Rxd2+
0-1

[Event "Ashmaster's Cup Standard Chess Over 1600 Section"]
[Site "SchemingMind.com"]
[Date "2005.06.18"]
[Round "-"]
[White "bigfoot1"]
[Black "phildo"]
[Result "0-1"]
[WhiteCountry "FRA"]
[BlackCountry "BDI"]
[WhiteElo "1782"]
[WhiteRD "75"]
[BlackElo "1733"]
[BlackRD "77"]
[GameID "17980"]

1. e4 e5 2. Nf3 Nc6 3. Bb5 Bc5 4. O-O d6 5. d4 exd4 6. e5 Bd7 7. Bg5 Nge7 8. e6 fxe6 9. Bxc6 Bxc6 10. Nxd4 Bxd4
11. Qxd4 e5 12. Qg4 Qd7 13. Qe2 O-O 14. f4 Ng6 15. Nc3 Nxf4 16. Qc4+ Kh8 17. Bxf4 Rxf4 18. Rxf4 exf4 19. Qxf4 Kg8 20. Ne2 Rf8
21. Qg3 Qf5 22. Nd4 Qc5 23. c3 Qb6 24. b4 a5 25. a3 Bd7 26. Re1 Qa6 27. h3 axb4 28. axb4 Qc4 29. Qe3 Re8 30. Qd2 Rxe1+
31. Qxe1 h6 32. Qg3 b6 33. Qf3 c5 34. bxc5 dxc5 35. Qa8+ Kh7 36. Qe4+ Kh8 37. Qa8+ Qg8 38. Qxg8+ Kxg8 39. Ne2 Kf7 40. Kf2 Ke6
41. Ke3 Kd5 42. Kd2 g5 43. Ng1 Ke4 44. g3 Bb5
0-1

[Event "Ashmaster's Cup Standard Chess Over 1600 Section"]
[Site "SchemingMind.com"]
[Date "2005.06.21"]
[Round "-"]
[White "Gary"]
[Black "bigfoot1"]
[Result "0-1"]
[WhiteCountry "ENG"]
[BlackCountry "FRA"]
[WhiteElo "1579"]
[WhiteRD "65"]
[BlackElo "1835"]
[BlackRD "75"]
[GameID "17981"]

1. e4 e6 2. d4 d5 3. Nd2 Nf6 4. e5 Nfd7 5. f4 c5 6. c3 cxd4 7. cxd4 Be7 8. Ngf3 O-O 9. Bd3 f6 10. O-O Nc6
11. b3 fxe5
0-1

[Event "Ashmaster's Cup Standard Chess Over 1600 Section"]
[Site "SchemingMind.com"]
[Date "2005.06.18"]
[Round "-"]
[White "Gordon"]
[Black "bigfoot1"]
[Result "1-0"]
[WhiteCountry "ENG"]
[BlackCountry "FRA"]
[WhiteElo "2159"]
[WhiteRD "63"]
[BlackElo "1774"]
[BlackRD "79"]
[GameID "17982"]

1. e4 e6 2. d4 d5 3. Nc3 Nf6 4. Bg5 dxe4 5. Nxe4 Be7 6. Bxf6 Bxf6 7. Nf3 O-O 8. Qd2 Nd7 9. O-O-O Be7 10. Bd3 c5
11. Nxc5 Nxc5 12. dxc5 Qd5 13. Kb1 Qxc5 14. h4 a5 15. Ng5 g6 16. Ne4 Qb6 17. h5 Rd8 18. hxg6 Ba3 19. gxf7+
1-0

[Event "Ashmaster's Cup Standard Chess Over 1600 Section"]
[Site "SchemingMind.com"]
[Date "2005.06.18"]
[Round "-"]
[White "winkel"]
[Black "bigfoot1"]
[Result "1-0"]
[WhiteCountry "DEN"]
[BlackCountry "FRA"]
[WhiteElo "2040"]
[WhiteRD "87"]
[BlackElo "1782"]
[BlackRD "75"]
[GameID "17983"]

1. e4 e6 2. d4 d5 3. Nc3 Nf6 4. e5 Nfd7 5. Nce2 c5 6. c3 Nc6 7. Nf3 Qb6 8. a3 f6 9. Nf4 fxe5 10. Nxe6 cxd4
11. cxd4 e4 12. Nfg5 Nf6 13. b4 h6 14. Bf4 hxg5 15. Nc7+ Kd8 16. Nxa8 Qxd4 17. Be3 Qe5 18. Rc1 Qb8 19. b5 Qxa8 20. bxc6 bxc6
21. Qa4 Kd7 22. Rxc6
1-0

[Event "Ashmaster's Cup Standard Chess Over 1600 Section"]
[Site "SchemingMind.com"]
[Date "2005.06.18"]
[Round "-"]
[White "Ashmaster"]
[Black "bigfoot1"]
[Result "0-1"]
[WhiteCountry "IRL"]
[BlackCountry "FRA"]
[WhiteElo "1432"]
[WhiteRD "71"]
[BlackElo "1782"]
[BlackRD "75"]
[GameID "17984"]

1. d4 Nf6 2. c4 g6 3. Nc3 Bg7 4. e4 d6 5. Be3 Ng4 6. Qd2 O-O 7. f3 Nxe3 8. Qxe3 Nc6 9. O-O-O e5 10. d5 Nd4
11. Nge2 c5 12. Nxd4 exd4
0-1

[Event "Ashmaster's Cup Standard Chess Over 1600 Section"]
[Site "SchemingMind.com"]
[Date "2005.06.18"]
[Round "-"]
[White "Chess Tiger"]
[Black "bigfoot1"]
[Result "1-0"]
[WhiteCountry "GER"]
[BlackCountry "FRA"]
[WhiteElo "2173"]
[WhiteRD "87"]
[BlackElo "1782"]
[BlackRD "75"]
[GameID "17986"]

1. e4 e6 2. d3 d5 3. Nd2 c5 4. Ngf3 Nc6 5. g3 Bd6 6. Bg2 Nge7 7. O-O O-O 8. Nh4 Qc7 9. f4 f6 10. Qe2 a5
11. c3 Bd7 12. a4 d4 13. Nc4 e5 14. f5 Be8 15. Qg4 Kh8 16. Qh3 Bd7 17. g4 Kg8 18. g5 Kf7 19. Qg3 Ke8 20. gxf6 gxf6
21. Qg7 Nd8 22. Qxh7 Bc6 23. Ng6 Nxg6 24. Nxd6+ Qxd6 25. fxg6 Qe6 26. g7
1-0

[Event "Ashmaster's Cup Standard Chess Over 1600 Section"]
[Site "SchemingMind.com"]
[Date "2005.06.18"]
[Round "-"]
[White "Nenad"]
[Black "bigfoot1"]
[Result "1-0"]
[WhiteCountry "SLO"]
[BlackCountry "FRA"]
[WhiteElo "2080"]
[WhiteRD "98"]
[BlackElo "1782"]
[BlackRD "75"]
[GameID "17987"]

1. e4 e6 2. d4 d5 3. Nc3 Nf6 4. e5 Nfd7 5. f4 c5 6. Nf3 Nc6 7. Be3 cxd4 8. Nxd4 Bc5 9. Qd2 O-O 10. O-O-O a6
11. Nb3 b6 12. Kb1 a5 13. Bb5 Bb7 14. h4 f6 15. exf6 Rxf6 16. Nxd5 Rf7 17. Nxc5 Nxc5 18. Nc3 Qxd2 19. Rxd2 Nb4 20. Rhd1 Ne4
21. Rd8+ Rf8 22. R8d7 Bd5 23. Bd4 Rf7 24. Nxd5 Nxd5 25. Rxf7 Kxf7 26. c4 Ndf6 27. Bxb6 a4 28. Rd8 Rxd8 29. Bxd8 Nh5 30. Bc7 Nhg3
31. Kc2 Nc5 32. Be5 Kg6 33. Kc3 Kf5 34. Kd4
1-0

[Event "Ashmaster's Cup Standard Chess Over 1600 Section"]
[Site "SchemingMind.com"]
[Date "2005.06.18"]
[Round "-"]
[White "phildo"]
[Black "bigfoot1"]
[Result "1-0"]
[WhiteCountry "BDI"]
[BlackCountry "FRA"]
[WhiteElo "1733"]
[WhiteRD "77"]
[BlackElo "1782"]
[BlackRD "75"]
[GameID "17988"]

1. e4 e6 2. d4 d5 3. exd5 exd5 4. Bd3 Bd6 5. Ne2 Nc6 6. c3 Nge7 7. Bf4 Ng6 8. Bxd6 Qxd6 9. Na3 a6 10. Qd2 O-O
11. O-O-O b5 12. Nc2 Nce7 13. f3 Be6 14. g4 c5 15. dxc5 Qxc5 16. Ncd4 Ne5 17. h4 b4 18. Kb1 Rab8 19. Ka1 Nc4 20. Bxc4 dxc4
21. Nxe6 fxe6 22. cxb4 Rxb4 23. Qd7 e5 24. Rhf1 Rfb8 25. Rd2 Qe3 26. Qe6+ Kf8 27. Rd7 Qc5 28. f4 Ke8 29. fxe5 Rxb2 30. Rxe7+ Qxe7
31. Qg8+ Kd7 32. Rd1+ Kc7 33. Qxc4+ Kb7 34. Kxb2 Qxe5+ 35. Kc2 Rc8 36. Rb1+ Qb5 37. Qxc8+
1-0

[Event "Ashmaster's Cup Standard Chess Over 1600 Section"]
[Site "SchemingMind.com"]
[Date "2005.06.20"]
[Round "-"]
[White "Kid A"]
[Black "Gary"]
[Result "1/2-1/2"]
[WhiteCountry "FIN"]
[BlackCountry "ENG"]
[WhiteElo "1735"]
[WhiteRD "66"]
[BlackElo "1579"]
[BlackRD "65"]
[GameID "18077"]

1. d4 f5 2. c4 Nf6 3. Nc3 g6 4. Nf3 Bg7 5. g3 O-O 6. Bg2 e6 7. O-O c6 8. d5 cxd5 9. cxd5 Na6 10. Bg5 h6
11. Bf4 Nb4 12. dxe6 dxe6 13. Qb3 Nbd5 14. Bd2 Nxc3 15. Bxc3 Nd5 16. Be5 b6 17. Rfd1 Bb7 18. Rac1 Qe7 19. Bxg7 Kxg7 20. Nd4 Rac8
21. Rxc8 Rxc8 22. Nb5 a6 23. Nd4 b5 24. Nxe6+ Qxe6 25. Bxd5 Bxd5 26. Qxd5 Qxd5=
1/2-1/2

[Event "Ashmaster's Cup Standard Chess Over 1600 Section"]
[Site "SchemingMind.com"]
[Date "2005.06.20"]
[Round "-"]
[White "Kid A"]
[Black "bigfoot1"]
[Result "1-0"]
[WhiteCountry "FIN"]
[BlackCountry "FRA"]
[WhiteElo "1703"]
[WhiteRD "64"]
[BlackElo "1815"]
[BlackRD "81"]
[GameID "18078"]

1. e4 e6 2. d4 d5 3. Nd2 Nf6 4. e5 Nfd7 5. Ngf3 c5 6. c3 Nc6 7. Bd3 f6 8. exf6 Nxf6 9. O-O Bd6 10. Re1 O-O
11. Nf1 Qc7 12. Bg5 Bd7 13. Qc2 c4 14. Be2 Ne4 15. Bh4 Ne7 16. N3d2 Nxd2 17. Qxd2 Bf4 18. Qc2 Nf5 19. Bg3 Nxg3 20. Nxg3 g6
21. Bg4 Rae8 22. Re2 Rf6 23. Rae1 Kf7 24. Nh5 Bxh2+ 25. Kh1 gxh5 26. Qxh7+ Kf8 27. Bxh5 Bf4 28. Qh8+
1-0

[Event "Ashmaster's Cup Standard Chess Over 1600 Section"]
[Site "SchemingMind.com"]
[Date "2005.06.20"]
[Round "-"]
[White "Kid A"]
[Black "Gordon"]
[Result "0-1"]
[WhiteCountry "FIN"]
[BlackCountry "ENG"]
[WhiteElo "1709"]
[WhiteRD "65"]
[BlackElo "2128"]
[BlackRD "59"]
[GameID "18079"]

1. e4 c5 2. Nf3 d6 3. d4 cxd4 4. Nxd4 Nf6 5. Nc3 a6 6. Bg5 e6 7. f4 Be7 8. Qf3 Qc7 9. O-O-O Nbd7 10. g4 b5
11. Bxf6 Nxf6 12. g5 Nd7 13. f5 Bxg5+ 14. Kb1 Ne5 15. Qh5 Qe7 16. Nxe6 Bxe6 17. fxe6 g6 18. exf7+ Kxf7 19. Qe2 Kg7 20. Bh3 Raf8
21. Nd5 Qa7 22. Rhf1 Rxf1 23. Rxf1 Nc4 24. Nf4 Bxf4 25. Rxf4 Qg1+ 26. Rf1 Qd4 27. c3 Qxe4+ 28. Qxe4 Nd2+ 29. Kc1 Nxe4 30. Be6 Nf6
31. Kd2 Re8 32. Bb3 Re5 33. h4 Re4 34. Rh1 d5 35. Rh3 Kf7 36. h5 gxh5 37. Rxh5 Nxh5
0-1

[Event "Ashmaster's Cup Standard Chess Over 1600 Section"]
[Site "SchemingMind.com"]
[Date "2005.06.20"]
[Round "-"]
[White "Kid A"]
[Black "winkel"]
[Result "0-1"]
[WhiteCountry "FIN"]
[BlackCountry "DEN"]
[WhiteElo "1709"]
[WhiteRD "65"]
[BlackElo "2040"]
[BlackRD "87"]
[GameID "18080"]

1. e4 e5 2. Nf3 Nc6 3. Bc4 d6 4. O-O Bg4 5. c3 Qf6 6. Qb3 O-O-O 7. Be2 Nge7 8. d3 h5 9. h3 Bxf3 10. Bxf3 g5
11. Be3 g4 12. hxg4 hxg4 13. Bxg4+ Kb8 14. Qd1 Bh6 15. Qf3 Bf4 16. Bxf4 exf4 17. Re1 Ne5 18. Qe2 Qh4 19. f3 Nxg4 20. fxg4 f3
0-1

[Event "Ashmaster's Cup Standard Chess Over 1600 Section"]
[Site "SchemingMind.com"]
[Date "2005.06.20"]
[Round "-"]
[White "Kid A"]
[Black "Chess Tiger"]
[Result "0-1"]
[WhiteCountry "FIN"]
[BlackCountry "GER"]
[WhiteElo "1703"]
[WhiteRD "64"]
[BlackElo "2154"]
[BlackRD "103"]
[GameID "18083"]

1. e4 c5 2. Nf3 e6 3. d4 cxd4 4. Nxd4 a6 5. Nc3 Qc7 6. Be3 b5 7. a3 Bb7 8. Be2 Nf6 9. f3 Be7 10. Qd2 O-O
11. O-O d5 12. exd5 Nxd5 13. Nxd5 Bxd5 14. Rac1 Rd8 15. c4 bxc4 16. Qc3 Rc8 17. Rc2 Nd7 18. Rfc1 Bd6 19. h3 Nb6 20. b4 Rd8
21. Qe1 Bg3 22. Qf1 Qe5 23. Bf2 Bf4 24. Re1 Qd6 25. Rd1 Rd7 26. Qe1 Rc8 27. Bf1 Bb7 28. Be3 Bxe3+ 29. Qxe3 e5 30. Re2 exd4
31. Qe8+ Rxe8 32. Rxe8+ Qf8 33. Rxf8+ Kxf8
0-1

[Event "Ashmaster's Cup Standard Chess Over 1600 Section"]
[Site "SchemingMind.com"]
[Date "2005.06.20"]
[Round "-"]
[White "Kid A"]
[Black "Nenad"]
[Result "0-1"]
[WhiteCountry "FIN"]
[BlackCountry "SLO"]
[WhiteElo "1703"]
[WhiteRD "64"]
[BlackElo "1970"]
[BlackRD "123"]
[GameID "18084"]

1. e4 c6 2. d4 d5 3. Nc3 dxe4 4. Nxe4 Bf5 5. Ng3 Bg6 6. Nf3 Nd7 7. Bd3 Bxd3 8. Qxd3 e6 9. Bf4 Bb4+ 10. c3 Be7
11. O-O g5 12. Be3 g4 13. Nd2 h5 14. f4 f5 15. Nc4 Ngf6 16. Ne5 h4 17. Nh1 h3 18. g3 Nxe5 19. fxe5 Ne4 20. Nf2 Nxg3
21. hxg3 Qd5 22. Ne4 Qxe4 23. Qxe4 fxe4 24. Rf4 Bg5 25. Rxe4 Bxe3+ 26. Rxe3 Ke7 27. Rf1 Raf8 28. Rxf8 Rxf8 29. Re2 Rf3 30. Kh2 a5
31. a4 b5 32. axb5 cxb5 33. Re4 Rf2+ 34. Kh1 Rxb2 35. Rxg4 Kd7 36. Re4 a4 37. Re1 a3
0-1

[Event "Ashmaster's Cup Standard Chess Over 1600 Section"]
[Site "SchemingMind.com"]
[Date "2005.06.20"]
[Round "-"]
[White "Kid A"]
[Black "phildo"]
[Result "1/2-1/2"]
[WhiteCountry "FIN"]
[BlackCountry "BDI"]
[WhiteElo "1703"]
[WhiteRD "64"]
[BlackElo "1714"]
[BlackRD "92"]
[GameID "18085"]

1. e4 e5 2. Nf3 Nc6 3. Bb5 Bc5 4. O-O d6 5. d4 exd4 6. Nxd4 Bxd4 7. Qxd4 Qf6 8. Be3 Bd7 9. Bxc6 Bxc6 10. Nc3 Qxd4
11. Bxd4 f6 12. Rad1 Ne7 13. f3 a6 14. a4 O-O 15. b3 b5 16. Ra1 b4 17. Nd1 a5 18. Ne3 Rfe8 19. Rfe1 d5 20. exd5 Nxd5
21. Nxd5 Bxd5 22. Kf2 Kf7=
1/2-1/2